Estudio integral del Laboratorio de Soluciones Parenterales de la C.C.S.S

Αποθηκεύτηκε σε:
Λεπτομέρειες βιβλιογραφικής εγγραφής
Κύριος συγγραφέας: Bogantes Herrera, Beatriz
Άλλοι συγγραφείς: Ramírez Vargas, Ana Patricia
Μορφή: Βιβλίο
Έκδοση: San José, Costa Rica 1991
Θέματα:
Ετικέτες: Προσθήκη ετικέτας
Δεν υπάρχουν, Καταχωρήστε ετικέτα πρώτοι!

MARC

LEADER 00000nam a2200000Ia 4500
003 007362
005 20221231144306.0
008 140114s1991 cr a m 000 ||s d
040 |c cru CEDI 
090 |a TFG 3086 
100 |a Bogantes Herrera, Beatriz   |9 11495 
245 |a Estudio integral del Laboratorio de Soluciones Parenterales de la C.C.S.S 
260 |c 1991  |a San José, Costa Rica 
300 |a  2 volúmenes : ilustraciones ; 28 cm.  
500 |a  Proyecto de graduacion (licenciatura en ingenieria industrial)--Universidad de Costa Rica. Facultad de Ingeniería. Escuela de Ingenieria Industrial 
650 |x CAJA COSTARRICENSE DE SEGURO SOCIAL (SAN JOSE).. LABORATORIO DE SOLUCIONES PARENTALES  |9 11497 
700 |9 11496  |a Ramírez Vargas, Ana Patricia 
942 |c TFG 
999 |c 19685  |d 19685